Economic indicators

Salvato in:
Dettagli Bibliografici
Natura: Periodico
Lingua:inglese
Pubblicazione: Washington Government Printing Office 2000
Tags: Aggiungi Tag
Nessun Tag, puoi essere il primo ad aggiungerne!!

MARC

LEADER 00000nas2a2200000 4500
001 s124643
005 20250827113056.9
041 0 |a eng 
044 |a US 
245 1 0 |a Economic indicators 
264 1 |a Washington  |b Government Printing Office  |c 2000 
300 |a 1 zv. 
500 |a chýba č. 9